000 00297nam a2200121Ia 4500
008 240731s9999 xx 000 0 und d
022 _a1540-9635
245 0 _aMarriage & Family Review
260 _bRoutledge
856 _uhttps://www.tandfonline.com/loi/wmfr20
942 _2ddc
942 _cTFEJ
999 _c78487
_d78487
945 _a1
_bMadushi Gamage
_c1
_dMadushi Gamage